000 00915cam a22002894a 4500
001 13044382
005 20251103113230.0
008 021224s2004 njua b 001 0 eng
020 _a0130485195
020 _a9780130485199
050 0 0 _aRT86
_b.S85 2004
082 0 0 _a610.73/06/99
_221
100 1 _aSullivan, Eleanor J.,
_d1938-
245 1 0 _aBecoming influential :
_ba guide for nurses /
_cEleanor J. Sullivan.
260 _aUpper Saddle River, N.J. :
_bPearson Prentice Hall,
_cc2004.
300 _axiii, 175 p. :
_bill. ;
_c23 cm.
650 0 _aNursing
_xPsychological aspects.
650 0 _aInfluence (Psychology)
650 0 _aNursing
_xPractice.
650 0 _aCommunication in nursing.
650 1 2 _aNursing
_xorganization & administration.
650 2 2 _aCareer Mobility.
650 2 2 _aCommunication.
650 2 2 _aInterpersonal Relations.
650 2 2 _aPower (Psychology)
942 _2lcc
_cBK
_n0
999 _c7970
_d7970